| 000 | 00769nam a2200241 a 4500 | ||
|---|---|---|---|
| 005 | 20210223131017.0 | ||
| 008 | 090604s2005 es r 000 0 spa d | ||
| 020 | _a3833113588 | ||
| 020 | _a3833110724 (ed. alemana) | ||
| 035 | _aUPN01000170980 | ||
| 049 | _aCG | ||
| 050 | 4 |
_aND553 M7 _bZ4.3 |
|
| 100 | 1 | _aZeidler, Birgit | |
| 245 | 1 | 0 |
_aClaude Monet : _bvida y obra / _cBirgit Zeidler ; tr. del alemán Ana Ma. Gutiérrez. |
| 260 |
_aBarcelona, Esp. : _bKönemann, _c2005. |
||
| 300 |
_a96 p. : _bil. col. |
||
| 440 | 0 | _aMinilibros de arte | |
| 534 |
_pTítulo original: _tClaude Monet. leben und werk |
||
| 600 | 1 | 4 |
_aMONET, CLAUDE, _d1840-1926 _912994 |
| 650 | 4 |
_aPINTORES FRANCESES - _vBIOGRAFIA _96743 |
|
| 650 | 4 |
_aIMPRESIONISTAS _912658 |
|
| 905 | _aLibro | ||
| 999 |
_c143085 _d143085 |
||